| 000 | 00440nam a2200157Ia 4500 | ||
|---|---|---|---|
| 005 | 20250220012749.0 | ||
| 008 | 240331s9999 xx 000 0 und d | ||
| 082 |
_bSEN _24811 _a923 |
||
| 100 | _aSenthivel, S. K | ||
| 245 | 0 | _aVadapulathu Pothuvudamai Iyakkamum Tholar Karthigesanum | |
| 260 |
_aColombo _bPuthiya Poomi Publication _c2003 |
||
| 300 | _aix, 170 p., | ||
| 650 | _aPublic Property | ||
| 650 | _aSocialist Movement | ||
| 942 | _cL | ||
| 999 |
_c4282 _d4282 |
||